| 000 | 00690nam a22001817a 4500 | ||
|---|---|---|---|
| 020 | _qHard Cover. | ||
| 082 | _aBEE-5 YAS | ||
| 100 | _aMuhammad Yasir Khan : Muhammad Qumar Zaman Tufail and Adeel Bhatti. | ||
| 245 |
_aDesign of Control System for Quadcopter / _cMuhammad Khan, Yasir : Muhammad Tufail, Qumar Zaman and Bhatti, Adeel |
||
| 260 |
_aIslamabad: _bSEECS NUST, _c2012. |
||
| 300 |
_a96 p. : _bill. ; _c30cm. |
||
| 563 | _aHBK | ||
| 650 |
_aBachelors in Electrical Electronics Engineering. _955200 |
||
| 700 | _aMr. Abid Mushtaq | ||
| 856 | _uhttp://10.250.8.41:8080/xmlui/handle/123456789/11539 | ||
| 942 |
_2ddc _cPR |
||
| 999 |
_c566066 _d566066 |
||